Flaggen der Länder an der Fußball-WM 2026 - Statistiken

Allgemein
  • Dieses Quiz wurde 140 mal gespielt
  • Das Durchschnittsergebnis liegt bei 41 aus 48
Antwortstatistiken
Bildquiz Antwort % Korrekt
Frankreich
99%
Kanada
99%
Portugal
99%
Vereinigte Staaten
99%
Brasilien
97%
Mexiko
96%
Belgien
95%
Uruguay
95%
Norwegen
93%
Katar
92%
Südkorea
92%
Australien
91%
Deutschland
91%
Schweden
91%
Spanien
91%
Schweiz
89%
Tschechien
89%
Türkei
89%
Argentinien
88%
Elfenbeinküste
88%
England
88%
Iran
88%
Neuseeland
88%
Saudi-Arabien
88%
Ägypten
86%
Ghana
86%
Japan
86%
Kroatien
86%
Südafrika
86%
Tunesien
86%
Marokko
85%
Niederlande
85%
Österreich
85%
Bosnien und Herzegowina
84%
Panama
84%
Algerien
82%
Kolumbien
82%
Schottland
82%
Ecuador
81%
Irak
80%
Paraguay
77%
Demokratische Republik Kongo
76%
Senegal
73%
Usbekistan
73%
Haiti
69%
Curaçao
66%
Jordanien
66%
Kap Verde
58%
Keine übereinstimmenden Quizze gefunden
Verteilung der Resultate
Anzahl Personen mit jedem Resultat
Perzentil nach korrekt beantworteten Fragen
Ihre Resultats-Entwicklung
Sie haben dieses Quiz noch nicht gespielt